Monarques de France - Statistiques

Statistiques générales
  • Ce quiz a été pris 38 fois
  • Le résultat moyen est 49 sur 90
Statistiques - réponses
Réponse % Correct
Louis 10
91%
Louis 12
91%
Louis 13
91%
Louis 14
91%
Louis 15
91%
Louis 16
91%
Francois 1
88%
Henri 4
88%
Louis 11
88%
Louis 5
88%
Louis 6
88%
Louis 7
88%
Louis 8
88%
Louis 9
88%
Henri 1
85%
Henri 2
85%
Louis 1
85%
Louis 3
85%
Louis 4
85%
Henri 3
82%
Louis 2
82%
Charlemagne
79%
Charles 10
79%
Clovis 1
79%
Francois 2
79%
Charles 2
76%
Charles 3
76%
Charles 4
76%
Charles 5
76%
Charles 6
76%
Charles 7
76%
Charles 8
76%
Charles 9
76%
Louis 18
76%
Napoleon 1
73%
Clovis 2
64%
Clovis 3
64%
Clovis 4
64%
Napoleon 3
64%
Louis Philippe 1
61%
Hugues Capet
58%
Jean 1
58%
Jean 2
58%
Philippe 1
58%
Philippe 2
58%
Philippe 3
58%
Philippe 4
58%
Philippe 5
58%
Philippe 6
55%
Pepin le bref
52%
Robert 1
48%
Robert 2
48%
Chilpéric 1
45%
Clotaire 1
45%
Thierry 1
45%
Chilpéric 2
42%
Dagobert 1
42%
Dagobert 2
42%
Dagobert 3
39%
Eudes
39%
Lothaire
39%
Thierry 2
39%
Thierry 3
39%
Clotaire 2
36%
Clotaire 3
36%
Clotaire 4
36%
Raoul
36%
Thierry 4
36%
Childebert 1
33%
Childebert 2
33%
Childebert 3
33%
Childebert 4
33%
Childéric 2
33%
Childéric 3
33%
Carloman 1
27%
Carloman 2
27%
Clodomir
18%
Gontran
18%
Sigebert 1
18%
Sigebert 2
15%
Sigebert 3
15%
Caribert 1
12%
Caribert 2
12%
Charles le Gros
9%
Thibert 1
9%
Thibaut
6%
Thibert 2
6%
Interrègne
3%
Hugues de France
0%
Philippe de France
0%
Aucun quiz correspondant
Distribution des résultats
% des personnes avec chaque résultat
Percentile par nombre de réponses
Votre historique - résultats
Vous n’avez pas pris ce quiz